Několik poznámek na okraj scénáře Malé zamyšlení nad tvorbou dramatického příběhu ze současnosti

Bibliographic Details
Main Author: Mathausová, Milena (Author)
Format: Book
Language:Czech
PhysicalDescription:68 strán
Published: Praha Státní pedagogické nakladatelství 1989
Edition:První vydání
Subjects:

MARC

LEADER 00000cam a22000001i 4500
001 vtls009710318
003 SK-MaSNL
005 20260301082440.0
008 240313s1989 xr r 000 1 cze
020 |c 3,50 Sk 
035 |a (SVKBBclas03)vtls000089513 
040 |a SNK  |b slo  |c SNK  |e AACR2 
041 0 |a cze 
044 |a xr  |c CZ 
080 |a 82-2:791.43  |2 1981 
080 |a 82-2:7.097  |2 1981 
100 1 |a Mathausová, Milena  |4 aut  |9 407400 
245 1 0 |a Několik poznámek na okraj scénáře  |b Malé zamyšlení nad tvorbou dramatického příběhu ze současnosti 
250 |a První vydání 
260 |a Praha  |b Státní pedagogické nakladatelství  |c 1989 
300 |a 68 strán 
650 0 7 |a dramatická tvorba  |2 SNKPH  |9 86791 
650 0 7 |a filmová tvorba  |2 SNKPH  |9 75252 
650 0 7 |a televízna tvorba  |2 SNKPH  |9 2916 
852 |a Slovenská národná knižnica v Martine  |b 10000  |h ID 88910 
999 |c 658552  |d 660482 
952 |a SNK  |b SNK  |y VYP  |7 0  |p 17A1348073  |o snkID 88910  |i snkKIP 6421/89  |3 Rekatalogizácia  |0 0  |1 0  |4 0  |d 2021-11-02  |l 0  |r 2026-02-23 18:45:14  |w 2026-02-23